000 01533nam a22003377a 4500
003 OSt
005 20241101200108.0
008 100322s2019 dr 1 000 0 spa d
020 _a9789945613278 (v. 1)
020 _a9789945613285 (v. 2)
040 _aDO-SdBNP
_bspa
_cBNPHU
082 4 _a196.1
_bJ61a
_222
100 1 _aJimenes Grullón, Juan Isidro,
_937920
_d1903-1983
245 1 3 _aAl margen de Ortega y Gasset :
_b(crítica a El tema de nuestro tiempo) /
_cJ. I. Jiménez-Grullón ; presentación Aquiles Castro
250 _a2a. ed.
260 _aSanto Domingo :
_bArchivo General de la Nación,
_c2019.
300 _av. :
_c23 cm.
490 1 _aArchivo General de la Nación ;
_v363-364 ;
500 _aIncluye datos biográficos del autor en la solapa de la cubierta
500 _aIncluye índice onomástico.
505 _gv.1.
_t Crítica a "El tema de nuestro tiempo."-
_a
_gv.2.
_tCrítica a "En torno a Galileo."
_gv.3
_tCrítica a "La rebelión de las masas..
590 _aInventariado, 2021/ YL
600 2 0 _aJimenes Grullón, Juan Isidro,
_d1903-1983
_92482
_xCrítica e interpretación
600 2 0 _aOrtega y Gasset, José,
_d1883-1955.
_92482
_tTema de nuestro tiempo.
600 2 0 _aOrtega y Gasset, José,
_d1883-1955
_tEn torno a Galileo.
_986781
600 2 0 _aOrtega y Gasset, José,
_d1883-1955.
_tRebelión de las masas.
_986782
700 1 _aCastro, Aquiles
_974080
830 _aArchivo General de la Nación ;
_n227
_973352
910 _aYLOCKWARD/Validado. Control de calidad MFF
942 _2ddc
_cLBS1
999 _c49660
_d49660